000
00375nam a2200145Ia 4500
008
191206s9999 xx 000 0 und d
020
_a
393975185
090
_a
HB171.5.S884
245
0
_a
Economics
250
_a
3rd ed.
260
_a
Norton
260
_c
cc2002
300
_a
"xxxi, 829, 26 p. : ill. (some col.) ; 27 cm."
999
_c
15853
_d
15853